Slovenský futbalový zväz

Bibliographic Details
Format: Article
Language:Slovak
ISSN:0139-7001
Subjects:

MARC

LEADER 00000nab a2200000 a 4500
001 vtls000801938
003 SK-MaSNL
005 20260303072844.0
008 180205c2002 xo 0 slo
015 |a SNBRB2002/08-24082 
035 |a CLN000153593 
040 |a SNKBUCL  |b slo  |c SNKBUCL  |e AACR2 
041 0 |a slo 
044 |a xo  |c SK 
080 |a 796.332.062(437.6):061.3  |2 UDC-MRF-SK2 
245 0 0 |a Slovenský futbalový zväz 
610 7 |a Slovenský futbalový zväz  |x zasadanie  |y 2002  |2 snkbucl  |9 842800 
655 7 |a články z novín a časopisov  |2 snkbucl  |9 267496 
773 0 |x 0139-7001  |t Šport  |g Roč. 56, č. 167 (20.7.2002), s. 14 
850 |a Slovenská národná knižnica v Martine 
852 |a SNK  |b KIS3GCP 
958 |a RBX 
999 |c 1765016  |d 1766946